| 000 | 00656 a2200169 4500 | ||
|---|---|---|---|
| 999 |
_c10681 _d10681 |
||
| 022 | _I2220-5470 | ||
| 050 | _aKTZ2.23.A2 Z56 | ||
| 100 |
_aMalaba L(Chief Justice) _e Editor |
||
| 110 | _aJudicial Services Commission | ||
| 245 |
_aThe Zimbabwean Law Reports 2019 _b[part 1] _cedited by L Malaba,Gwaunza E, M Zimba -Dube,G Mhuri,T Moyo,J Reid Rowland,N Ndou J,G Feltoe, G Manyatera and R Shana |
||
| 264 |
_aZimbabwe : _bJudiciary Services Commission, _c2022 |
||
| 300 | _a690 pages : | ||
| 500 | _aLaw reports | ||
| 650 | _aLaw---- law reports ----Zimbabwe | ||
| 651 | _aZimbabwe | ||
| 942 |
_2lcc _cSERIALS _hKTZ2.23.A2 Z56 _iMAL _kKTZ |
||